NBA: Heat Scoring Leaders Every Season - Statistics

General Stats
  • This quiz has been taken 65 times
  • The average score is 25 of 35
Answer Stats
Season PPG Position Answer % Correct
2015 21.5 G Dwyane Wade
100%
2010 26.6 G Dwyane Wade
100%
2009 30.2 G Dwyane Wade
100%
2008 24.6 G Dwyane Wade
100%
2007 26.0 G Dwyane Wade
100%
2006 27.2 G Dwyane Wade
100%
2005 24.1 G Dwyane Wade
100%
2014 27.1 F LeBron James
100%
2013 26.8 F LeBron James
100%
2012 27.1 F LeBron James
100%
2011 26.7 F LeBron James
100%
2023 22.9 F Jimmy Butler
94%
2022 21.4 F Jimmy Butler
94%
2021 21.5 F Jimmy Butler
94%
2020 19.9 F Jimmy Butler
94%
2000 21.7 C Alonzo Mourning
81%
1999 20.1 C Alonzo Mourning
81%
1998 19.2 C Alonzo Mourning
81%
1996 23.2 C Alonzo Mourning
81%
2016 19.1 F Chris Bosh
75%
1997 20.3 G Tim Hardaway
75%
1995 22.3 F Glen Rice
50%
1994 21.1 F Glen Rice
50%
1993 19.0 F Glen Rice
50%
1992 22.3 F Glen Rice
50%
2018 17.3 G Goran Dragić
50%
2017 20.3 G Goran Dragić
50%
2004 17.3 G Eddie Jones
37%
2003 18.5 G Eddie Jones
37%
2002 18.3 G Eddie Jones
37%
2001 17.4 G Eddie Jones
37%
1990 16.6 C Rony Seikaly
29%
2019 16.6 G Josh Richardson
23%
1989 13.8 G Kevin Edwards
6%
1991 18.5 G Sherman Douglas
6%
No matching quizzes found
Score Distribution
Percent of People with Each Score
Percentile by Number Answered
Your Score History
You have not taken this quiz